000 00536nam a2200217Ia 4500
008 140306s9999 xx 000 0 und d
020 _a8131505243
020 _a978-81-315-0524-3
041 _aeng
082 _a658.8342
_bBLA/CO
100 _aBlackwell, Roger D
245 _aConsumer Behavior
250 _a1st
260 _aNew Delhi
_bCengage Learning
_c2006
300 _a784
365 _bRs.440/-
650 _aConsumer Decision Making
700 _aEngel, James F
700 _aMiniard, Paul W
942 _2ddc
_cBK
999 _c188362
_d188362